000
00412nam a22001457a 4500
003
SGT
020
_a
9789380455785
082
_a
320
_b
S14G
100
_a
गुप्ता, एच. पी.
245
_a
सपनों का प्रधानमंत्री 2014
260
_b
उद्योग नगर प्रकाशन
_c
2014
300
_a
304
650
_a
POLITICAL SCIENCE
942
_2
ddc
_c
BK
999
_c
27351
_d
27351